00346nam a2200133Ia 4500008004100000082001700041100001900058245004700077250000800124260002900132300001300161500002400174650001400198230524s9999 xx 000 0 und d a642.151bHAR aSheila C.Haran 0aSynchronous Induction and Special Machines a1ST aNEW DELHIbScitechc2001 a5.36+0.4 aQuantity Number: 2 aMechanics